Nenne die Sitcom anhand der Charaktere - Statistiken

Allgemein
  • Dieses Quiz wurde 191 mal gespielt
  • Das Durchschnittsergebnis liegt bei 14 aus 36
Antwortstatistiken
Hint Antwort % Korrekt
Raj, Howard, Penny, Sheldon, Leonard The Big Bang Theory
91%
Joey, Rachel, Monica, Ross, Chandler Friends
88%
Maggy, Marge, Bart, Lisa, Homer Die Simpsons
82%
Robin, Barney, Lily, Ted, Marshall How I Met Your Mother
82%
Charlie, Berta, Judith, Jake, Alan Two And A Half Men
82%
Chris, Stewie, Peter, Meg, Lois Family Guy
79%
Dewey, Reese, Hal, Lois, Malcolm Malcolm Mittendrin
62%
Kelly, Bud, Al, Marcy, Peggy Eine Schrecklich Nette Familie
60%
Mary, Georgie, Sheldon, Missy, George Young Sheldon
60%
Cameron, Gloria, Mitchell, Claire, Jay Modern Family
52%
Kyle, Kenny, Eric, Stan, Timmy South Park
51%
Haley, Roger, Steve, Francine, Stan American Dad
50%
Brian, Kate, Lynn, Alf, Willie Alf
49%
Spence, Arthur, Doug, Deacon, Carrie King Of Queens
49%
Earl, Han, Caroline, Oleg, Max Two Broke Girls
45%
Miranda, Charlotte, Carrie, Samantha, Stanford Sex And The City
37%
Randy, Mark, Al, Jill, Tim Hör Mal Wer Da Hämmert
36%
Carla, John, Elliot, Christopher, Robert Scrubs
32%
Jesse, Joey, Danny, Michelle, Stephanie Full House
31%
Brick, Mike, Axl, Sue, Frankie The Middle
29%
Grace, Brighton, Maxwell, Fran, Niles Die Nanny
27%
Pam, Jim, Michael, Erin, Dwight The Office
26%
Geoffrey, Philip, Carlton, Will, Hilary Der Prinz Von Bel-Air
23%
Roberta, Rallo, Donna, Cleveland, Cleveland Jr Die Cleveland Show
23%
Cece, Winston, Schmidt, Nick, Jessica New Girl
23%
Samuel, Mike, Vince, Peggy, Molly Mike And Molly
20%
Gene, Linda, Louise, Tina, Bob Bobs Burgers
19%
Dorothy, Blanche, Sophia, Rose, Miles Golden Girls
18%
Elaine, Jerry, Cosmo, George, David Seinfeld
18%
Ally, Robert, Debra, Raymond, Marie Alle Lieben Raymond
17%
Abed, Britta, Jeff, Shirley, Troy Community
14%
Joy, Darnell, Randy, Catalina, Earl My Name Is Earl
11%
Julius, Drew, Tonya, Chris, Rochelle Alle Hassen Chris
9%
Lucy, Jackson, John, Angela, Talia The Rookie
7%
Violet, Roscoe, Bonnie, Christy, Adam Mom
5%
Todd, Dee Dee, Rick, Chelsea, Sloane Are You There Chelsea
2%
Keine übereinstimmenden Quizze gefunden
Verteilung der Resultate
Anzahl Personen mit jedem Resultat
Perzentil nach korrekt beantworteten Fragen
Ihre Resultats-Entwicklung
Sie haben dieses Quiz noch nicht gespielt